[Event "AUTO-INT-3508"]
[Site "http://www.queenalice.com/game.php?id=1602376"]
[Date "2020.3.12"]
[Round "1"]
[White "wanderr"]
[Black "EdBrazil"]
[Result "0-1"]
[WhiteElo "1603"]
[BlackElo "1666"]

1. e4 e5 2. Nf3 d6 3. Bc4 h6 4. c3 c5 5. O-O Nf6 6. d3 Nc6 7. h3 g5 8. Be3 g4 9.
hxg4 Bxg4 10. Nbd2 Qd7 11. Qa4 Rg8 12. b4 Bh3 0-1

[Event "AUTO-INT-3511"]
[Site "http://www.queenalice.com/game.php?id=1603438"]
[Date "2020.3.21"]
[Round "1"]
[White "wanderr"]
[Black "NickThorp"]
[Result "0-1"]
[WhiteElo "1416"]
[BlackElo "1680"]

1. d4 d5 2. Nf3 Nc6 3. h3 Bf5 4. a3 e6 5. Nc3 h6 6. e3 Bd6 7. Bd2 Nf6 8. Be2 Ne4
9. Nxe4 Bxe4 10. O-O Qf6 11. b3 O-O 12. c4 dxc4 13. bxc4 a6 14. c5 Be7 15. Qb3
Rab8 16. Qa4 Qf5 17. Bc3 b5 18. Qb3 a5 19. Qd1 b4 20. Bb2 bxa3 21. Bxa3 Qd5 22.
Qd2 Rb5 23. Rfb1 Bxb1 24. Bxb5 Be4 25. Be2 Rb8 26. Rc1 Rb3 27. Rc3 a4 28. Bc4
Qd7 29. Rxb3 axb3 30. Bxb3 Bxf3 0-1

[Event "AUTO-INT-3511"]
[Site "http://www.queenalice.com/game.php?id=1603439"]
[Date "2020.3.21"]
[Round "1"]
[White "NickThorp"]
[Black "wanderr"]
[Result "1-0"]
[WhiteElo "1668"]
[BlackElo "1604"]

1. e4 e5 2. Nf3 Nf6 3. Nc3 Nc6 4. Bb5 d6 5. d3 h6 6. h3 Bd7 7. Be3 a6 8. Ba4 Nb8
9. Bxd7+ Nbxd7 10. O-O Be7 11. Nd5 O-O 12. Nxe7+ Qxe7 13. Qd2 c5 14. Nh4 Nxe4
15. dxe4 Qxh4 16. Qxd6 Nf6 17. Qxc5 Qxe4 18. Rad1 Rfc8 19. Qe7 Re8 20. Qc5 Rac8
21. Qb6 Rxc2 22. Rfe1 Rec8 23. Qb3 b5 24. Bxh6 Re2 25. Bd2 Rxe1+ 26. Rxe1 Qc2
27. Qxc2 Rxc2 28. Bc3 1-0

[Event "AUTO-INT-3511"]
[Site "http://www.queenalice.com/game.php?id=1603440"]
[Date "2020.3.21"]
[Round "1"]
[White "wanderr"]
[Black "juim"]
[Result "1-0"]
[WhiteElo "1600"]
[BlackElo "1697"]

1. d4 d5 2. Nf3 Bg4 3. Nbd2 Nc6 4. Nb3 Bxf3 5. gxf3 e6 6. Bf4 Bd6 7. Bg3 Nf6 8.
e3 Qd7 9. Bh3 O-O 10. a3 a5 11. Bxd6 Qxd6 12. Qe2 a4 13. Nc5 b6 14. Nd3 Nd7 15.
f4 Nf6 16. f3 g6 17. O-O Ra5 18. c3 Ne7 19. Ne5 Nf5 20. Bxf5 exf5 21. Rf2 c5 22.
h4 Nh5 23. dxc5 Rxc5 24. Rd1 Re8 25. Rd4 Qd8 26. Rh2 f6 27. Nd3 Rc4 28. Qd2 Rxd4
29. cxd4 Re7 30. Nb4 Qc8 31. Re2 Rc7 32. Nxd5 Ra7 33. Qb4 Ra5 34. Ne7+ Kg7 35.
Nxc8 Ng3 36. Rc2 Rd5 37. Qe7+ Kh6 38. Rc7 1-0

[Event "AUTO-INT-3511"]
[Site "http://www.queenalice.com/game.php?id=1603441"]
[Date "2020.3.21"]
[Round "1"]
[White "juim"]
[Black "wanderr"]
[Result "1-0"]
[WhiteElo "1663"]
[BlackElo "1605"]

1. e4 e5 2. d4 exd4 3. Qxd4 Nc6 4. Qd1 Be7 5. f3 d6 6. Bf4 Bd7 7. Nc3 a6 8. Qd5
Nf6 9. O-O-O O-O 10. Qd2 Qc8 11. Nd5 Nxd5 12. exd5 Nd8 13. Bc4 Bb5 14. Qc3 Bf6
15. Qd3 Qd7 16. Re1 b6 17. Ne2 Bxc4 18. Qxc4 Nb7 19. Ng3 g6 20. Re4 Rfe8 21.
Rhe1 Rxe4 22. Rxe4 Nc5 23. Re3 b5 24. Qe2 Kf8 25. Bh6+ Kg8 26. b4 Na4 27. Ne4
Bd4 28. Kd2 Nb2 29. c3 Nc4+ 30. Ke1 Bg7 31. Rd3 Qd8 32. Bg5 Qe8 33. f4 h6 34.
Bxh6 Bxh6 35. Nf6+ 1-0

[Event "AUTO-INT-3511"]
[Site "http://www.queenalice.com/game.php?id=1603442"]
[Date "2020.3.21"]
[Round "1"]
[White "wanderr"]
[Black "byyonico"]
[Result "0-1"]
[WhiteElo "1558"]
[BlackElo "1508"]

1. e4 c5 2. d3 d6 3. Nf3 Nc6 4. c3 Nf6 5. h3 e6 6. Be2 Be7 7. O-O O-O 8. Qc2 Bd7
9. Bg5 h6 10. Be3 Qb6 11. b3 d5 12. a4 a5 13. Na3 Bd6 14. Nb5 Be7 15. e5 Nh7 16.
c4 d4 17. Bf4 Qd8 18. Kh2 Nb4 19. Qd2 f5 20. Nd6 Qc7 21. Kg1 Kh8 22. Rae1 Bc6
23. Kh2 b6 24. Kg1 Kg8 25. Nb5 Bxb5 26. cxb5 Qb7 27. Bg3 Nd5 28. Rc1 Ng5 29.
Nxg5 Bxg5 30. Qc2 Bxc1 31. Qxc1 f4 32. Bh2 g6 33. Bf3 g5 34. Bxd5 Qxd5 35. Qc4
Qxe5 36. f3 Rf6 37. Kh1 Qe2 38. Kg1 Re8 39. Rf2 Qe1+ 40. Rf1 Qe3+ 41. Kh1 Qe2
42. Kg1 Rf5 43. Rf2 Qe1+ 44. Rf1 Qe3+ 45. Kh1 Qe2 46. Kg1 Re5 47. g4 Re3 0-1

[Event "AUTO-INT-3511"]
[Site "http://www.queenalice.com/game.php?id=1603443"]
[Date "2020.3.21"]
[Round "1"]
[White "byyonico"]
[Black "wanderr"]
[Result "1-0"]
[WhiteElo "1526"]
[BlackElo "1540"]

1. d4 d5 2. c4 c6 3. Nf3 e6 4. Nc3 Be7 5. Ne5 Nf6 6. Bg5 O-O 7. e3 Ne8 8. Bxe7
Qxe7 9. a3 Nd7 10. Nxd7 Bxd7 11. c5 e5 12. Be2 e4 13. O-O f5 14. f4 Nf6 15. b4
b5 16. h3 a5 17. bxa5 Ne8 18. g3 Nf6 19. g4 Rxa5 20. g5 Ne8 21. Kh2 g6 22. h4
Ng7 23. Qb3 Rfa8 24. Rh1 Ne6 25. Kg3 Ng7 26. h5 Be8 27. h6 Ne6 28. Ra2 Qc7 29.
Rha1 Nxg5 30. Kh4 Ne6 31. Rg1 Qe7+ 32. Kh3 Qa7 33. Bd1 Rxa3 34. Rxa3 Qxa3 35.
Nb1 Qxb3 36. Bxb3 Bd7 37. Nc3 Kf7 38. Kh4 Ra7 39. Nb1 Ra1 40. Bc2 Bc8 41. Kg3
Nc7 42. Rg2 Na6 43. Nd2 Ra2 44. Bb3 Ra3 45. Kf2 Kf6 46. Rg1 Nb4 47. Rd1 1-0

[Event "AUTO-INT-3513"]
[Site "http://www.queenalice.com/game.php?id=1604181"]
[Date "2020.3.25"]
[Round "1"]
[White "dan2015"]
[Black "wanderr"]
[Result "1-0"]
[WhiteElo "1378"]
[BlackElo "1632"]

1. e4 e6 2. d4 d5 3. e5 a6 4. Nf3 c5 5. Bg5 Qa5+ 6. Bd2 Qb6 7. dxc5 Bxc5 8. Be3
Bxe3 9. fxe3 Qxe3+ 10. Qe2 Qxe2+ 11. Bxe2 Ne7 12. Nc3 O-O 13. O-O-O Nbc6 14. h4
h6 15. g4 g6 16. h5 Kg7 17. a3 b5 18. hxg6 Nxg6 19. g5 Rh8 20. Bd3 Ngxe5 21.
gxh6+ Rxh6 22. Rdg1+ 1-0

[Event "AUTO-INT-3513"]
[Site "http://www.queenalice.com/game.php?id=1604182"]
[Date "2020.3.25"]
[Round "1"]
[White "wanderr"]
[Black "dan2015"]
[Result "1-0"]
[WhiteElo "1591"]
[BlackElo "1422"]

1. e4 e5 2. Nf3 Nc6 3. Bc4 Nf6 4. d3 h6 5. O-O d5 6. exd5 Nxd5 7. a3 f6 8. Bd2
Bg4 9. Nc3 Bxf3 10. Qxf3 Nce7 11. Nxd5 Qd6 12. Qe4 f5 13. Qf3 c6 14. Nxe7 Bxe7
15. Qh5+ g6 16. Qe2 O-O-O 17. Bc3 Bf6 18. Rfe1 h5 19. h3 g5 20. Bxe5 Qxe5 21.
Qxe5 Bxe5 22. Rxe5 g4 23. Be6+ Kb8 24. Bxf5 g3 25. f3 Rhf8 26. Rae1 h4 27. Bg4
a6 28. Rh5 Rfe8 29. Rhe5 1-0

[Event "AUTO-INT-3513"]
[Site "http://www.queenalice.com/game.php?id=1604195"]
[Date "2020.3.25"]
[Round "1"]
[White "wanderr"]
[Black "zmanomega"]
[Result "0-1"]
[WhiteElo "1620"]
[BlackElo "1616"]

1. e4 e5 2. Nf3 f6 3. Be2 Nh6 4. O-O Ng4 5. h3 Nh6 6. d3 d5 7. c3 Be6 8. b3 g5
9. Nh2 d4 10. Bh5+ Bf7 11. Ba3 Bxa3 12. Bxf7+ Nxf7 13. Qc2 Bc5 14. b4 Be7 15. c4
Bxb4 16. a3 Bd6 17. Nd2 h5 18. c5 Be7 19. Rfb1 b6 20. cxb6 axb6 21. Qb3 Nh6 22.
a4 c6 23. Nhf3 g4 24. Ne1 gxh3 25. g3 Qd7 26. f3 Rg8 27. Kh2 h4 28. g4 Nxg4+ 0-1

[Event "AUTO-INT-3513"]
[Site "http://www.queenalice.com/game.php?id=1604196"]
[Date "2020.3.25"]
[Round "1"]
[White "zmanomega"]
[Black "wanderr"]
[Result "1-0"]
[WhiteElo "1636"]
[BlackElo "1523"]

1. d4 d5 2. e3 e6 3. Nf3 Nf6 4. Ne5 a6 5. c3 Be7 6. Nd2 Nbd7 7. Ndf3 h6 8. Bd3
c5 9. Nh4 Nxe5 10. dxe5 Nh7 11. Nf3 Ng5 12. a3 b6 13. Be2 Nxf3+ 14. Bxf3 Bb7 15.
O-O Qc7 16. b4 c4 17. Qd4 b5 18. Bh5 g6 19. Bf3 Bc6 20. Qd1 O-O 21. Bg4 Kg7 22.
f4 Rad8 23. Rf3 d4 24. Rg3 dxc3 25. Qe2 Rd7 26. e4 Rfd8 27. Rxc3 Qb7 28. Bf3 Bh4
29. g3 Be7 30. Rc2 1-0

[Event "AUTO-INT-3513"]
[Site "http://www.queenalice.com/game.php?id=1604197"]
[Date "2020.3.25"]
[Round "1"]
[White "wanderr"]
[Black "Elcid"]
[Result "0-1"]
[WhiteElo "1489"]
[BlackElo "1856"]

1. d4 Nf6 2. Nf3 g6 3. Nc3 Bg7 4. e3 O-O 5. Be2 d6 6. O-O Nbd7 7. h3 e5 8. Rb1
e4 9. Nh2 Re8 10. Re1 a6 11. f4 h5 12. Rf1 c5 13. a3 b5 14. Rf2 c4 15. b4 Nb6
16. Bf1 Nbd5 17. Bd2 Nxc3 18. Bxc3 Nd5 19. Qd2 Bh6 20. g3 g5 21. Re1 h4 22. gxh4
gxf4 23. Rg2+ Kh7 24. Ng4 Qxh4 0-1

[Event "AUTO-INT-3513"]
[Site "http://www.queenalice.com/game.php?id=1604198"]
[Date "2020.3.25"]
[Round "1"]
[White "Elcid"]
[Black "wanderr"]
[Result "1-0"]
[WhiteElo "1854"]
[BlackElo "1491"]

1. d4 d5 2. Bf4 Nc6 3. e3 e6 4. c3 Bd6 5. Bg3 Nf6 6. Nd2 a6 7. Ngf3 O-O 8. Bd3
Re8 9. Ne5 Ne7 10. h3 Nf5 11. Bh2 Ne7 12. Qe2 c5 13. f4 h6 14. O-O Bd7 15. Ndf3
c4 16. Bc2 Ne4 17. Bxe4 Bxe5 18. Nxe5 dxe4 19. Nxc4 Bb5 20. b3 Rc8 21. a4 Bxc4
22. bxc4 f5 23. g4 Ng6 24. Bg3 1-0

[Event "AUTO-INT-3515"]
[Site "http://www.queenalice.com/game.php?id=1604568"]
[Date "2020.3.28"]
[Round "1"]
[White "wanderr"]
[Black "kanibal"]
[Result "0-1"]
[WhiteElo "1501"]
[BlackElo "1654"]

1. e4 e5 2. a3 Nc6 3. Nf3 Bc5 4. c3 Nf6 5. Nxe5 Nxe5 6. d4 Bxd4 7. Qxd4 d6 8.
Bg5 O-O 9. Nd2 h6 10. Bxf6 Qxf6 11. Be2 Qg6 12. f4 Qxg2 13. Rg1 Qxh2 14. fxe5
dxe5 15. Qf2 Qh3 16. O-O-O Qe6 17. Qg3 g6 18. Kb1 Qd6 19. Nc4 Qe6 0-1

[Event "AUTO-INT-3515"]
[Site "http://www.queenalice.com/game.php?id=1604569"]
[Date "2020.3.28"]
[Round "1"]
[White "kanibal"]
[Black "wanderr"]
[Result "1-0"]
[WhiteElo "1643"]
[BlackElo "1512"]

1. d4 d5 2. Nf3 h6 3. h3 Nf6 4. e3 a6 5. c4 c6 6. c5 e6 7. Bd3 b5 8. O-O Be7 9.
Ne5 Bb7 10. b4 Nbd7 11. Nc3 a5 12. bxa5 Rxa5 13. Bd2 Nxe5 14. dxe5 Nd7 15. Ne2
Ra7 16. Bb4 Nxe5 17. f4 Nc4 18. Bxc4 dxc4 19. Nd4 Bf6 20. f5 1-0

[Event "AUTO-INT-3515"]
[Site "http://www.queenalice.com/game.php?id=1604570"]
[Date "2020.3.28"]
[Round "1"]
[White "wanderr"]
[Black "carpielo"]
[Result "0-1"]
[WhiteElo "1591"]
[BlackElo "1638"]

1. e4 e5 2. d3 Bc5 3. Nf3 Nf6 4. Be2 Ng4 5. O-O d6 6. c3 Nc6 7. h3 Nf6 8. Be3
Bxe3 9. fxe3 O-O 10. Nbd2 d5 11. Qc2 dxe4 12. dxe4 Be6 13. b3 h6 14. Rad1 a6 15.
Nc4 Qe7 16. Ncxe5 Nxe5 17. Nxe5 Bxh3 0-1

[Event "AUTO-INT-3515"]
[Site "http://www.queenalice.com/game.php?id=1604571"]
[Date "2020.3.28"]
[Round "1"]
[White "carpielo"]
[Black "wanderr"]
[Result "1-0"]
[WhiteElo "1635"]
[BlackElo "1424"]

1. e4 e6 2. d4 d6 3. d5 e5 4. Bb5+ Bd7 5. Bxd7+ Nxd7 6. c4 Ngf6 7. Nc3 Be7 8.
Nf3 O-O 9. O-O c5 10. dxc6 bxc6 11. Bg5 Nb6 12. b3 Ne8 13. Bxe7 Qxe7 14. a4 Nf6
15. a5 Nbd7 16. b4 Rab8 17. b5 c5 18. b6 axb6 19. a6 Ra8 20. Nb5 1-0

[Event "AUTO-INT-3517"]
[Site "http://www.queenalice.com/game.php?id=1605401"]
[Date "2020.4.2"]
[Round "1"]
[White "SamuraiJOM"]
[Black "wanderr"]
[Result "1-0"]
[WhiteElo "1732"]
[BlackElo "1577"]

1. e4 e5 2. Nf3 Nf6 3. Nc3 Nc6 4. Bc4 a6 5. a3 h6 6. O-O d6 7. d3 Bd7 8. b4 b5
9. Ba2 Be7 10. h3 O-O 11. d4 exd4 12. Nxd4 Nxd4 13. Qxd4 Bc6 14. Re1 Nd7 15. Bb2
Re8 16. Nd5 f6 17. Nxe7+ 1-0

[Event "AUTO-INT-3517"]
[Site "http://www.queenalice.com/game.php?id=1605402"]
[Date "2020.4.2"]
[Round "1"]
[White "wanderr"]
[Black "SamuraiJOM"]
[Result "0-1"]
[WhiteElo "1567"]
[BlackElo "1742"]

1. e4 e5 2. a3 Nf6 3. Nc3 a6 4. Nf3 Bd6 5. Bc4 O-O 6. O-O h6 7. Re1 Nc6 8. d3
Bc5 9. b4 Bd6 10. Bb2 b5 11. Bb3 Be7 12. Ne2 a5 13. Nxe5 Nxe5 14. Ng3 g6 15. Qd2
Nc6 16. c4 axb4 0-1

[Event "AUTO-INT-3517"]
[Site "http://www.queenalice.com/game.php?id=1605419"]
[Date "2020.4.2"]
[Round "1"]
[White "wanderr"]
[Black "mestre62"]
[Result "0-1"]
[WhiteElo "1468"]
[BlackElo "1428"]

1. d4 d5 2. h3 h6 3. Nf3 e6 4. e3 a6 5. Be2 Be7 6. a3 Bd7 7. O-O Nf6 8. b3 Ne4
9. Bb2 Nc6 10. Nbd2 Nxd2 11. Qxd2 Bd6 12. c4 f6 13. c5 Be7 14. Bd3 f5 15. b4 g5
16. b5 axb5 0-1

[Event "AUTO-INT-3517"]
[Site "http://www.queenalice.com/game.php?id=1605420"]
[Date "2020.4.2"]
[Round "1"]
[White "mestre62"]
[Black "wanderr"]
[Result "1-0"]
[WhiteElo "1409"]
[BlackElo "1487"]

1. e4 e5 2. d3 h6 3. Be2 Nf6 4. a3 Be7 5. Bd2 c5 6. h3 Nc6 7. Nc3 O-O 8. Nf3 a6
9. Be3 b6 10. Nd5 Nxd5 11. exd5 Nd4 12. Bxd4 exd4 13. Ne5 Bb7 14. Bh5 Bxd5 15.
O-O g6 16. Bf3 Bxf3 17. Nxf3 1-0

[Event "AUTO-INT-3517"]
[Site "http://www.queenalice.com/game.php?id=1605421"]
[Date "2020.4.2"]
[Round "1"]
[White "wanderr"]
[Black "balu"]
[Result "0-1"]
[WhiteElo "1441"]
[BlackElo "1625"]

1. d4 d5 2. h3 Nc6 3. Nf3 Bf5 4. a3 Nf6 5. e3 e6 6. Bb5 Bd6 7. c3 O-O 8. Nbd2 a6
9. Be2 a5 10. O-O a4 11. Re1 h6 12. Nf1 Na5 13. N3d2 Nc6 0-1

[Event "AUTO-INT-3517"]
[Site "http://www.queenalice.com/game.php?id=1605422"]
[Date "2020.4.2"]
[Round "1"]
[White "balu"]
[Black "wanderr"]
[Result "1-0"]
[WhiteElo "1616"]
[BlackElo "1450"]

1. e4 e5 2. Nf3 Nf6 3. Nc3 Nc6 4. Bc4 Be7 5. d3 d6 6. Bg5 O-O 7. h3 Na5 8. Bxf6
Bxf6 9. b4 Nxc4 10. dxc4 a6 11. c5 c6 12. Qxd6 Qxd6 13. cxd6 Rd8 14. Rd1 1-0